|
|
|
|
| LEADER |
00000cam a2200000 7i4500 |
| 001 |
0000003908 |
| 005 |
20110928.0 |
| 020 |
0 |
0 |
|a 9789832085935
|
| 090 |
0 |
0 |
|a 579.09595
|b MAL 2007
|
| 245 |
0 |
0 |
|a Malaysian fungal diversity
|c edited by E.B.G.Jones, K.D.Hyde & S.Vikineswary
|
| 260 |
0 |
0 |
|a Kuala Lumpur :
|b Pusat Penyelidikan Cendawan Universiti Malaysa ,
|c 2007
|
| 300 |
|
|
|a 421 p. :
|b ill. photos (some col.) ;
|c 30 cm.
|
| 500 |
0 |
0 |
|a Includes bibliographical references
|
| 650 |
0 |
0 |
|a Fungi---Ecology---Malaysia
|
| 650 |
0 |
0 |
|a Fungi---Malaysia
|
| 700 |
0 |
1 |
|a Hyde, Kevin D
|
| 700 |
0 |
1 |
|a Jones, E.B.Gareth
|
| 700 |
0 |
1 |
|a Vikineswary Sabaratnam
|
| 710 |
1 |
2 |
|a Universiti Malaya ,
|c Pusat Penyelidikan Cendawan
|
| 998 |
|
|
|a JPSM
|
| 999 |
|
|
|a 007687
|b Monograph
|c Open Shelf
|e Default branch
|